000 01429nam a2200337 u 4500
001 000003187
003 DO-SdBNP
005 20251022121108.0
007 ta
008 090707s1980 dr a 000 0 spa d
040 _aDO-SdBNP
_bspa
_cBNPHU
082 _a327.7307295
_bM614a
100 1 _aMeyn, Maryanne.
_910064
245 1 3 _aEl aparato militar norteamericano en Puerto Rico /
_cM. Meyn, J. Rodríguez . Puerto Rico, víctima de los planes intervencionistas de los E.U. en el Caribe / por Consejo de la Paz de Puerto Rico.
260 _a[Santo Domingo] :
_bEDOC,
_c1982.
300 _a68 p. :
_bil. ;
_c22 cm.
490 _aDocumentos ;
_vNo.10
500 _aIncluye referencias bibliográficas y notas al pie de las páginas.
590 _aInventariado, 2018/BT
651 4 _aEstados Unidos
_xRelaciones Militares
_zPuerto Rico
_910065
651 4 _aPuerto Rico
_xRelaciones Militares
_zEstados Unidos
_910066
651 4 _aPuerto Rico
_xHistoria Militar
_910067
651 4 _aEstados Unidos
_xRelaciones Militares
_zCaribe ( Región{Rpara}
_910068
651 0 _aCaribe (Región)
_xRelaciones Militares
_zEstados Unidos
_987401
700 1 2 _aRodríguez, J.
_910070
710 2 _aConsejo de la Paz de Puerto Rico.
_910071
740 0 2 _aPuerto Rico: víctima de los planes intervencionistas de los E.U. en el Caribe
830 0 _aDocumentos ;
_n10
_910072
910 _aValidado. Control de calidad. MFF
942 _2ddc
_cLBS1
999 _c3018
_d3018